LIBRARY & INFORMATION CENTRE, KCAET, TAVANUR

ONLINE PUBLIC ACCESS CATALOGUE (OPAC)

Weed control technology / (Record no. 1509)

MARC details
000 -LEADER
fixed length control field 00400cam a2200157ua 4500
003 - CONTROL NUMBER IDENTIFIER
control field OSt
008 - FIXED-LENGTH DATA ELEMENTS--GENERAL INFORMATION
fixed length control field 220930b |||||||| |||| 00| 0 eng d
041 ## - LANGUAGE CODE
Language code of text/sound track or separate title eng
082 ## - DEWEY DECIMAL CLASSIFICATION NUMBER
Classification number 632.58
Item number BIS/WE
100 ## - MAIN ENTRY--AUTHOR NAME
Personal name Biswas, H S .
245 ## - TITLE STATEMENT
Title Weed control technology /
250 ## - EDITION STATEMENT
Edition statement 1 /
260 ## - PUBLICATION, DISTRIBUTION, ETC. (IMPRINT)
Place of publication Bhopal :
Name of publisher Central Institute of Agricultural Engineering ,
Year of publication 1984.
300 ## - PHYSICAL DESCRIPTION
Number of Pages 79 ; .
942 ## - ADDED ENTRY ELEMENTS (KOHA)
Koha item type Books
Holdings
Withdrawn status Lost status Damaged status Home library Current library Date acquired Full call number Accession Number Koha item type
      KAUAET KAUAET 07/04/2012 632.58 BIS/WE 20486 Reference
      KAUAET KAUAET 07/04/2012 632.58 BIS/WE 19833 Books
      KAUAET KAUAET 30/09/2022 632.58 BIS/WE 16716 Books
free website counter